History of the Reang ( BRU ) (Record no. 68951)
[ view plain ]
| 000 -LEADER | |
|---|---|
| fixed length control field | 00247nam a22001097a 4500 |
| 082 ## - DEWEY DECIMAL CLASSIFICATION NUMBER | |
| Classification number | 900/REA |
| 100 ## - MAIN ENTRY--AUTHOR NAME | |
| Personal name | Reang,Lincoln |
| 245 ## - TITLE STATEMENT | |
| Title | History of the Reang ( BRU ) |
| 260 ## - PUBLICATION, DISTRIBUTION, ETC. (IMPRINT) | |
| Place of publication | Guwajati |
| Name of publisher | EBH Pub. |
| Year of publication | 2024 |
| 650 ## - SUBJECT ADDED ENTRY--TOPICAL TERM | |
| Topical Term | History |
| 942 ## - ADDED ENTRY ELEMENTS (KOHA) | |
| Koha item type | Books |
| Withdrawn status | Lost status | Damaged status | Not for loan | Home library | Current library | Date acquired | Cost, normal purchase price | Full call number | Accession Number | Price effective from | Koha item type |
|---|---|---|---|---|---|---|---|---|---|---|---|
| MACL | MACL | 05/04/2026 | 1150.00 | 900/REA | CRE040439 | 05/04/2026 | Books |









